| 000 | 00358nam a2200133Ia 4500 | ||
|---|---|---|---|
| 005 | 20260328104313.0 | ||
| 008 | 260328s9999||||xx |||||||||||||| ||und|| | ||
| 100 | _aVan Lengen, Johan | ||
| 245 | 4 |
_aThe Barefoot Architect : _b A HandBook for Green Building / _cJohan Van Lengen |
|
| 260 | _bShelter | ||
| 300 | _a570 p. | ||
| 650 | _aUBICACIÓN | ||
| 942 | _cBK | ||
| 999 |
_c11033 _d11033 |
||